003430000a2200121000450024500300000065000280003065000200005865100280007865300450010604100130015110000200016477300370018410aManatees and power plants14aMamíferos acuáticos14aUso del habitat 4dFloridapEstados Unidos gTrichechuseTrichechus manatusvmanatí0 aInglés1 aShane, Susan H.1 tSea Frontiers3242q40-44d1983?